000 00665nam a22002297a 4500
003 BPGM
008 260624b mx ||||| |||| 00| 0 spa d
020 _a978-607-7619-09-3
040 _aBPGM
_bspa
041 _aspa
_hspa
082 0 4 _aCQ / 861M /
_bV3913 / E52 /
100 _aVEGA, BAEZA, RITA
245 _aCONVENIO CON EL DIABLO
300 _a55 páginas
_c22.4 cm x 10.3 cm
336 _2rdacontent
_atexto
_btxt
337 _2rdamedia
_asin mediación
_bn
338 _2rdacarrier
_avolumen
_bnc
650 _aLITERATURAS ESPAÑOLAS Y PORTUGUESA
650 _aLITERATURAS ESPAÑOLAS Y PORTUGUESA
650 _aPOESIA ESPAÑOLA
942 _2ddc
_cCOLQ
999 _c68661
_d68661